Производство бумажной и картонной тары. ... за 1985-1988 г. (Запись № 13690552)
[ простой вид ]
| 000 -МАРКЕР | |
|---|---|
| контрольное поле | 01873nam2a2200253 4500 |
| 001 - ИДЕНТИФИКАТОР ЗАПИСИ | |
| контрольное поле | RU\NLR\BIBL_A\022786122 |
| 005 - ИДЕНТИФИКАТОР ВЕРСИИ | |
| контрольное поле | 20260416113742.0 |
| 035 ## - ДРУГИЕ СИСТЕМНЫЕ НОМЕРА | |
| Идентификатор записи | (NLR Aleph) 022786122 |
| 100 ## - ДАННЫЕ ОБЩЕЙ ОБРАБОТКИ | |
| Данные общей обработки | 20041126d1981 u y0rusy50 ca |
| 101 0# - ЯЗЫК РЕСУРСА | |
| Язык текста, звукозаписи и т.д. | русский |
| 102 ## - СТРАНА ПУБЛИКАЦИИ ИЛИ ПРОИЗВОДСТВА | |
| Страна публикации | Российская Федерация |
| 105 ## - ПОЛЕ КОДИРОВАННЫХ ДАННЫХ: ТЕКСТОВЫЕ МАТЕРИАЛЫ, МОНОГРАФИЧЕСКИЕ | |
| Кодированные данные о монографическом текстовом документе | y ac 000yy |
| 200 0# - ЗАГЛАВИЕ И СВЕДЕНИЯ ОБ ОТВЕТСТВЕННОСТИ | |
| Основное заглавие | ... за 1985-1988 г. |
| Сведения, относящиеся к заглавию | ретроспективный указатель отечественной и зарубежной литературы ... |
| Первые сведения об ответственности | Министерство лесной промышленности СССР, ... |
| Последующие сведения об ответственности | составитель А. Я. Каменская |
| 210 ## - ПУБЛИКАЦИЯ, РАСПРОСТРАНЕНИЕ И ДР. | |
| Дата издания, распространения и т.д. | 1981 |
| 215 ## - ФИЗИЧЕСКАЯ ХАРАКТЕРИСТИКА | |
| Специфическое обозначение материала и объем | 38, [1] с. |
| 225 1# - СЕРИЯ | |
| Основное заглавие серии | Библиографическая информация |
| 461 #0 - УРОВЕНЬ НАБОРА | |
| Встроенное поле | 001rc\1125955 |
| -- | 2001#$aПроизводство бумажной и картонной тары$eБиблиогр. указ. отеч. и иностр. лит. ...$fВсесоюз. н.-и. и проект. ин-т экономики орг. упр. пр-вом и информ. по лесн., целлюлоз.-бум. и деревообраб. пром-сти. Центр науч.-техн. б-ка лесн. и бум. пром-сти$v... за 1985-1988 г. |
| Системный номер (АБИС) связанной записи | 5067833 |
| Место публикации | М. |
| Дата публикации | 1981 |
| Первые сведения об ответственности | Всесоюз. н.-и. и проект. ин-т экономики, орг. упр. пр-вом и информ. по лесн., целлюлоз.-бум. и деревообраб. пром-сти. Центр науч.-техн. б-ка лесн. и бум. пром-сти |
| Имя издателя, распространителя и т.д. | ВНИПИЭИлеспром |
| Сведения, относящиеся к заглавию | Библиогр. указ. отеч. и иностр. лит. ... |
| Заглавие | Производство бумажной и картонной тары |
| Номер тома | ... за 1985-1988 г. |
| 702 #1 - ИМЯ ЛИЦА - ВТОРИЧНАЯ ОТВЕТСТВЕННОСТЬ | |
| Начальный элемент ввода | Каменская |
| Часть имени, кроме начального элемента ввода | А. Я. |
| Код отношения | Составитель |
| 852 ## - МЕСТОНАХОЖДЕНИЕ И ШИФР ХРАНЕНИЯ | |
| Идентификатор организации | NLR |
| Наименование фонда или коллекции (Sub-Location Identifier) | С |
| Шифр хранения (Call Number) | К-2/1046 |
| 942 ## - ДОПОЛНИТЕЛЬНЫЕ ЭЛЕМЕНТЫ ЗАПИСИ (АБИС) | |
| Тип экземпляра АБИС | Книга |
| 980 ## - КОЛЛЕКЦИЯ | |
| Название коллекции | Национальная библиография |
Нет доступных экземпляров.